000 00375nam a2200157Ia 4500
008 210210b1975 xxu||||| |||| 00| 0 eng d
082 _a530 SUDC
100 _aSUD (R S) & others.
245 _aCollege physics. Ed.7
250 _a
260 _aDelhi
_bDhanpat Rai & sons
_c1975
300 _axiii,852
650 _aCollege physics
690 _aPhysics
906 _a039665
999 _c89773
_d89773